000 00759nam a22002177a 4500
003 SEM
999 _c71993
_d71993
005 20220608074923.0
008 211215s2018 ai ||||gr|||||001|0 arm|d
040 _aSEM
_cSEM
041 _aarm
080 _a891.981-3/Պ-51
100 _aՊէրթիզլեան Ղազարեան Մարիանա
_q(Պերթիզլյան Ղազարյան Մարիանա)
_d1949-
245 _aՓոխակերպում /
_cՄ. Պէրթիզլեան -Ղազարեան
260 _aՀալէպ :
_a[Հալեպ] :
_bտպ. Ոսկետառ,
_c2018.
300 _a107 էջ ;
_c24 սմ
490 _aԱյգ մատենաշար
_v25
650 _aՀայ գրականություն
_xարձակ
653 _aՍԷՄ
830 _aԱյգ մատենաշար
_s25
942 _2udc
_cBK